Justos por pecadores (Record no. 164180)

MARC details
000 -LEADER
campo de control de longitud fija 00820nam a22001935i 4500
001 - NÚMERO DE CONTROL
campo de control 164180
003 - IDENTIFICADOR DE NÚMERO DE CONTROL
campo de control ES-MaACL
005 - FECHA Y HORA DE LA ÚLTIMA TRANSACCIÓN
campo de control 20240424063058.0
008 - DATOS DE LONGITUD FIJA--INFORMACIÓN GENERAL
campo de control de longitud fija 020201s1890 sp |||| | spa d
040 ## - FUENTE DE CATALOGACIÓN
Centro catalogador/agencia de origen CAM
Lengua de catalogación spa
Centro/agencia transcriptor CAM
100 1# - ENTRADA PRINCIPAL--NOMBRE DE PERSONA
Nombre de persona Ruimar, Cándido,
Fechas asociadas al nombre n. 1862
9 (RLIN) 100866
245 10 - MENCIÓN DEL TÍTULO
Título Justos por pecadores
Resto del título : drama en tres actos y en verso /
Mención de responsabilidad, etc. original de Cándido Ruiz Martínez.
260 ## - PUBLICACIÓN, DISTRIBUCIÓN, ETC.
Lugar de publicación, distribución, etc. Madrid :
Nombre del editor, distribuidor, etc. [s.n.],
Fecha de publicación, distribución, etc. 1890 (
Fabricante R. Velasco, impresor)
300 ## - DESCRIPCIÓN FÍSICA
Extensión 93 p. ;
Dimensiones 20 cm.
500 #1 - NOTA GENERAL
Nota general Estrenado en el Teatro Español, la noche del 14 de enero de 1890.
596 #1 - NOTA AL PIE DE IMPRENTA
NOTA AL PIE DE IMPRENTA En verso de antep. consta: "... de la Administración lírico-dramática de Eduardo Hidalgo ..."
852 ## - LOCALIZACIÓN
Ubicación ES-MaACL
Número de control de estantería T-580-F-1
Nota libre -- Enc. hol., falto de la cub. original
-- -- Enc. en un vol. facticio
Holdings
Estatus retirado Estado de pérdida Estado de daño No para préstamo Colección Biblioteca de origen Biblioteca actual Ubicación en estantería Fecha de adquisición Total de préstamos Signatura topográfica completa Código de barras Visto por última vez Precio de reemplazo Tipo de ítem Koha
        Colección de folletos Biblioteca del Ateneo de Madrid Biblioteca del Ateneo de Madrid Depósito folletos 17/01/2008   T-580-F-1 1172075 23/02/2023 23/02/2023 Folleto